Normal view MARC view

Entry Nombre corporativo

Number of records used in: 6

001 - NÚMERO DE CONTROL

  • campo de control: 47113

003 - IDENTIFICADOR DEL NÚMERO DE CONTROL

  • campo de control: OSt

005 - FECHA Y HORA DE LA ÚLTIMA TRANSACCIÓN

  • campo de control: 20220203143441.0

008 - DATOS DE LONGITUD FIJA

  • campo de control de longitud fija: 220203|| aca||aabn | a|a d

040 ## - FUENTE DE LA CATALOGACIÓN

  • Centro catalogador/agencia de origen: OSt
  • Centro/agencia transcriptor: OSt

110 ## - ENCABEZAMIENTO-NOMBRE DE ENTIDAD CORPORATIVA

  • Nombre de entidad corporativa o nombre de jurisdicción como elemento de entrada: Instituto Peruano de Historia Eclesiástica

670 ## - FUENTE DE DATOS ENCONTRADOS

  • Cita de la fuente: Work cat.: (OSt): Instituto Peruano de Historia Eclesiástica, Revista peruana de Historia Eclesiástica /, 1989.

Powered by Koha